Deutsche Geschichte - Oktober - Statistiken

Allgemein
  • Dieses Quiz wurde 122 mal gespielt
  • Das Durchschnittsergebnis liegt bei 18 aus 31
Antwortstatistiken
Tag Jahr Frage Antwort % Korrekt
15 1963 Dieser deutsche Bundeskanzler tritt zurück A Konrad Adenauer
95%
25 1961 An diesem Berliner Grenzübergang fahren amerikanische und sowjetische Panzer auf C Checkpoint Charlie
90%
18 1861 Dieser Prinzregent wird nach dem Tod seines Bruders Friedrich Wilhelm IV. König von Preußen W Wilhelm I.
88%
30 2005 Diese Dresdner Kirche die seit den Luftangriffen 1944 zerstört ist wird neu geweiht F {Frauen}kirche
87%
2 1187 Nach dem Fall Jerusalems zieht dieser Kaiser am 11.Mai.1189 auf einen Kreuzzug B Friedrich I. {Barbarossa}
84%
4 1582 In Teilen Deutschlands wird dieser Kalender eingeführt G {Gregorianischer} Kalender
82%
28 797 Dieser fränkische König stellt die (Nieder-)sachsen mit dem Capitulare Saxonicum den anderen Stämmen und Völkern seines Reiches gleich K Karl der Große
82%
12 1990 Dieser Innenminister wird auf einer Wahlkampfveranstaltung angeschossen und ist fortan querschnittsgelähmt S Wolfgang Schäuble
81%
31 2000 Dieser deutsche Fußballverein wird als erster zum börsennotierten Unternehmen B Borussia Dortmund
78%
8 1862 Dieser Junker aus der Altmark und spätere Herzog zu Lauenburg wird preußischer Außenminister B Otto von Bismarck
78%
3 1918 Dieser badische Prinz wird wird Reichskanzler M {Max} von Baden
75%
24 1648 Dieser Friede wird in Münster und Osnabrück unterzeichnet W {Westfälischer} Friede
71%
5 1842 Josef Groll braut das erste Bier nach dieser Brauart P {Pilsner} Brauart
70%
17 1456 In dieser vorpommerschen Küstenstadt wird die zweitälteste Universität des Ostseeraums und die viertälteste Universität Deutschlands gegründet G Greifswald
67%
20 1401 Dieser deutsche Pirat und die Vitalienbrüder werden auf dem Grasbrook in Hamburg hingerichtet S Klaus Störtebeker
65%
13 1977 Dieses Flugzeug wird auf dem Weg von Palma de Mallorca nach Frankfurt von linksextremen palästinensischen Terroristen, in Kooperation mit der RAF, entführtSie ermorden im Laufe der Entführung den Kapitän Jürgen Schumann Die anderen Geiseln können am 18ten Oktober vom GSG 9 gerettet werden L Landshut
63%
7 1944 In diesem deutschen Konzentrationslager beginnt ein Aufstand jüdischer Gefangener B Auschwitz-{Birkenau}
61%
14 1944 Dieser deutsche Generalfeldmarschall wird aufgrund seiner Nähe zum Widerstand um Stauffenberg und Witzleben zum Selbstmord gezwungen R Erwin Rommel
59%
6 105 v.Chr. In der Schlacht bei Arausio schlagen diese Germanenstämme ein römisches Heer vernichtend T Kimbern und {Teutonen}
58%
9 768 Nach dem Tod dieses fränkischen Königs werden seine Söhne Karl und sein Bruder Karlmann zu fränkischen Königen ernannt P {Pippin} der Jüngere
54%
26 1918 Auf Wunsch des Reichskanzlers entlässt Kaiser Wilhelm II. diesen Ersten Generalquartierminister und späteren Beteiligten am Hitlerputsch 1923 L Erich Ludendorff
52%
27 1870 Im Deutsch-Französischen Krieg kapituliert diese lothringische Stadt nach zweimonatiger Belagerung M Metz
52%
1 1273 Dieser Graf wird als erster Habsburger zum römisch-deutschen König gewählt R Rudolf IV.
52%
19 1977 Dieser deutsche Arbeitgeberpräsident, der zwei Wochen zuvor von linksextremen Terroristen entführt wurde, wird ermordet in Mülhausen (Oberelsaß) aufgefunden S Hanns Martin Schleyer
51%
11 1949 Erster und letzter Präsident der DDR P Wilhelm Pieck
44%
16 1906 Dieser "Hauptmann" "beschlagnahmt" die Stadtkasse von KöpenickGesucht ist der bürgerliche Name V Wilhelm Voigt
29%
23 1942 In dieser Schlacht in der ägyptischen Wüste gehen die Alliierten zur Gegenoffensive über E Zweite Schlacht von {El Alamein}
22%
22 1885 Papst Leo XIII. beendet als Schiedsrichter den Konflikt des Deutschen Reiches mit Spanien um diese mikronesischen Inseln zugunsten Spaniens K Karolinen
7%
10 1982 Papst Johannes Paul II. spricht diesen polnischen Franziskaner-Minoriten, der in Auschwitz ermordet wurde, heilig K Maximilian Kolbe
7%
29 1894 Nach Leo von Caprivi wird dieser Statthalter Elsaß-Lothringens Reichskanzler H Chlodwig zu Hohenlohe-Schillingsfürst
6%
21 1872 Kaiser Wilhelm I. beendet als Schiedsrichter den Schweinekonflikt (Pig War) um diese Inseln zwischen den USA und dem Vereinigten Königreich zugunsten der Vereinigten Staaten S {San Juan} Islands
4%
Keine übereinstimmenden Quizze gefunden
Verteilung der Resultate
Anzahl Personen mit jedem Resultat
Perzentil nach korrekt beantworteten Fragen
Ihre Resultats-Entwicklung
Sie haben dieses Quiz noch nicht gespielt